Stavebný zámočník I.

Podrobná bibliografia
Hlavný autor: Trnka, Adolf (Autor)
Ďalší autori: Olša, Anton (Prekladateľ)
Médium: Kniha
Jazyk:slovenčina
čeština
Fyzický popis:141 strán ilustrácie, schémy, tabuľky 21 cm 24 voľných rozkladacích listov
Vydavateľské údaje: Bratislava Slovenské vydavateľstvo technickej literatúry 1959
Vydanie:1. vyd.
Edícia:Edícia rozličnej literatúry
Predmet:

MARC

LEADER 00000cam a2200000 a 4500
001 vtls008343018
003 SK-MaSNL
005 20260301020532.0
008 230403s1959 xo al f p 000 0 slo
015 |a SNBA1959/07-01106 
020 |q (brožované) 
035 |a SK01SNK19590035235 
035 |a C6BAED8F-C171-4EDE-AB35-D73372AF3190 
035 |a urn:nbn:sk:snk-am00e8t6 
035 |a urn:nbn:sk:snk-am3iabr 
035 |a A11E3396-058C-4D9C-9861-69A12FCECD3F 
035 |a urn:nbn:sk:snk-am00e09h 
035 |a SKM000037698 
040 |a SNK  |b slo  |c SNK  |e AACR2 
041 1 |a slo  |h cze 
044 |a xo  |c SK 
072 7 |a 37.016  |x Učebné osnovy. Vyučovacie predmety. Učebnice  |2 konspekt 
072 7 |a 683  |x Železiarstvo. Zámočníctvo. Ohrievacie zariadenia  |2 konspekt 
080 |a 696+621.9+621.78/.79(075.3)  |2 1981 
080 |a 621.9(075.3)  |2 1981 
080 |a 621.78/.79(075.3)  |2 1981 
080 |a 683.3:682.6  |2 2011 
080 |a (075.3)  |2 2011 
100 1 |a Trnka, Adolf  |4 aut  |9 65259 
245 1 0 |a Stavebný zámočník  |n I.  |c Adolf Trnka ; preložil A. Olša 
250 |a 1. vyd. 
260 |a Bratislava  |b Slovenské vydavateľstvo technickej literatúry  |c 1959 
300 |a 141 strán  |b ilustrácie, schémy, tabuľky  |c 21 cm  |e 24 voľných rozkladacích listov 
366 |e 2300 kusov 
490 1 |a Edícia rozličnej literatúry 
500 |a Zoznam tabuliek na strane [142] 
500 |a Preložené z češtiny 
650 0 7 |a stavebné zámočníctvo  |2 SNKPH  |9 183912 
655 7 |a učebnice stredných škôl  |2 SNKPH  |9 69323 
700 1 |a Olša, Anton  |4 trl  |9 308072 
830 0 |a Edícia rozličnej literatúry  |9 308073 
852 |a Slovenská národná knižnica 
954 |a odborná, vedecká literatúra cudzojazyčná (svetová)  |2 lita 
958 |a RK 
958 |a TL 
958 |a OP 
958 |a CZ 
958 |a OND 
958 |a EUIPO 
999 |c 563210  |d 565140 
952 |a SNK  |b SNK  |y PREZ  |7 0  |p 17A0845458  |o snkSC 13460/1  |i snkKSP 2745/59  |z Príloha: 24 voľných rozkladacích listov  |0 0  |1 0  |4 0  |d 2020-02-14  |f 1  |l 0  |r 2025-07-16 00:00:00  |w 2026-02-23 
952 |a SNK  |b SNK  |y PREZ  |7 0  |p 17A1416587  |o snkSC 13460/1/príl.  |i snkKSP 2745/59  |0 0  |1 0  |4 0  |d 2020-02-26  |f 1  |l 0  |r 2025-07-16 00:00:00  |w 2026-02-23